Zdjęcia satelitarne #1 - Statystyki

Ogólne statystyki
  • Ten quiz został rozwiązany 2 997 razy
    2 994 od ostatniego zresetowania
  • Średni wynik to 13 z 17
Statystyki odpowiedzi
Obrazkowy Hint Odpowiedź % Poprawnych
państwo Islandia
98%
państwo Włochy
98%
państwo Meksyk
97%
państwo Australia
94%
państwo Cypr
91%
zbiornik wodny Morze Czarne
89%
państwo Dania
87%
państwo Kuba
86%
państwo Filipiny
85%
państwo Madagaskar
85%
zbiornik wodny Morze Czerwone
74%
pasmo górskie Himalaje
73%
zbiornik wodny Morze Karaibskie
67%
Stan USA Waszyngton
59%
Stan USA Michigan
58%
półwysep Półwysep Kalifornijski
27%
obszar metropolitalny San Francisco
22%
Nie znaleziono quizów pasujących do podanych kryteriów
Rozkład punktacji
Procent ludzi z każdym wynikiem
Percentyl według liczby udzielonych odpowiedzi
Twoja historia wyników
Nie rozwiązałeś tego quizu od ostatniego zresetowania